Grolier classics: The history of Tom Jones, The civilization of Renaissance, Alice's adventures in Wonderland, Last letter to her husband Henry VIII, Leaves of grass

में बचाया:
ग्रंथसूची विवरण
स्वरूप: पुस्तक
भाषा:Undetermined
प्रकाशित: New York Grolier 1956
विषय:
टैग : टैग जोड़ें
कोई टैग नहीं, इस रिकॉर्ड को टैग करने वाले पहले व्यक्ति बनें!
Thư viện lưu trữ: Trung tâm Học liệu Trường Đại học Cần Thơ
LEADER 00560nam a2200157Ia 4500
001 CTU_26714
008 210402s9999 xx 000 0 und d
082 |a 808.3 
082 |b G875h 
245 0 |a Grolier classics: The history of Tom Jones, The civilization of Renaissance, Alice's adventures in Wonderland, Last letter to her husband Henry VIII, Leaves of grass 
260 |a New York 
260 |b Grolier 
260 |c 1956 
650 |a literature - history and criticism 
904 |i Minh, 981019 
980 |a Trung tâm Học liệu Trường Đại học Cần Thơ